| 000 | 00519nam a2200181Ia 4500 | ||
|---|---|---|---|
| 005 | 20250326124511.0 | ||
| 008 | 250326s9999 xx 000 0 und d | ||
| 037 | _aTextbook | ||
| 040 |
_aFMSL _beng _cFMSL |
||
| 041 |
_aeng _2eng |
||
| 084 |
_aX:8 L1 _qFMSL |
||
| 100 |
_aHutchinson J G _9737421 |
||
| 245 | 0 |
_aReadings in management strategy and tactics _cHutchinson J G |
|
| 260 |
_aNY Holt _bNY Holt, Rinehart And Winston _c1971 |
||
| 300 | _a562p | ||
| 942 |
_cTB _hX:8 L1 |
||
| 999 |
_c1273965 _d1273965 |
||